000 00599nam a2200193Ia 4500
005 20250423101516.0
008 250422s9999 xx 000 0 und d
020 _a9780312280697
050 _aPS 3552 .B34/
100 _aBahr, Howard
245 4 _aThe year of Jubilo : a novel of the Civil War / Howard Bahr.
250 _a1st ed.
260 _aNew York
260 _bHenry Holt & Co.
260 _c2000
300 _a376 p
650 _aMississippi--History--Civil War, 1861-1865--Veterans--Fiction. Reconstruction (U.S. history, 1865-1877)--Fiction. Mississippi--Fiction.
942 _cBK
999 _c36492
_d36492